000
00292nam a2200121Ia 4500
008
190216s9999||||xx |||||||||||||| ||und||
100
_a
Hadson
245
3
_a
An Out Line History Of English Literature
260
_b
B I Publication
300
_a
317
650
_a
English Stories
942
_c
BK
999
_c
11589
_d
11589